The magic of thinking big / (Record no. 1363)

MARC details
000 -LEADER
fixed length control field 01093pam a2200301 a 4500
005 - DATE AND TIME OF LATEST TRANSACTION
control field 20260322212057.0
008 - FIXED-LENGTH DATA ELEMENTS--GENERAL INFORMATION
fixed length control field data
010 ## - LIBRARY OF CONGRESS CONTROL NUMBER
LC control number 87008516
020 ## - INTERNATIONAL STANDARD BOOK NUMBER
International Standard Book Number 0671646788 (pbk.) :
Terms of availability {dollar}5.95
020 ## - INTERNATIONAL STANDARD BOOK NUMBER
International Standard Book Number 9780671646783 (pbk.) :
Terms of availability {dollar}5.95
040 ## - CATALOGING SOURCE
Original cataloging agency DLC
Transcribing agency DLC
Modifying agency DLC
050 00 - LIBRARY OF CONGRESS CALL NUMBER
Classification number BF637.S8
Item number S36 1987
082 00 - DEWEY DECIMAL CLASSIFICATION NUMBER
Classification number 158/.1
Edition information 19
092 ## - LOCALLY ASSIGNED DEWEY CALL NUMBER (OCLC)
Classification number 158.1 S36 1987
001 - CONTROL NUMBER
control field data
100 1# - MAIN ENTRY--PERSONAL NAME
Personal name Schwartz, David Joseph.
245 14 - TITLE STATEMENT
Title The magic of thinking big /
Statement of responsibility, etc. David Joseph Schwartz.
250 ## - EDITION STATEMENT
Edition statement 1st Fireside ed.
260 ## - PUBLICATION, DISTRIBUTION, ETC.
Place of publication, distribution, etc. New York :
Name of publisher, distributor, etc. Simon & Schuster,
Date of publication, distribution, etc. 1987, c1965.
300 ## - PHYSICAL DESCRIPTION
Extent 192 p. ;
Dimensions 21 cm.
500 ## - GENERAL NOTE
General note "A Fireside book."
500 ## - GENERAL NOTE
General note Includes index.
650 #0 - SUBJECT ADDED ENTRY--TOPICAL TERM
Topical term or geographic name entry element Success.
856 42 - ELECTRONIC LOCATION AND ACCESS
Materials specified Contributor biographical information
Uniform Resource Identifier <a href="http://www.loc.gov/catdir/bios/simon051/87008516.html">http://www.loc.gov/catdir/bios/simon051/87008516.html</a>
856 41 - ELECTRONIC LOCATION AND ACCESS
Materials specified Sample text
Uniform Resource Identifier <a href="http://www.loc.gov/catdir/samples/simon031/87008516.html">http://www.loc.gov/catdir/samples/simon031/87008516.html</a>
856 42 - ELECTRONIC LOCATION AND ACCESS
Materials specified Publisher description
Uniform Resource Identifier <a href="http://www.loc.gov/catdir/description/simon033/87008516.html">http://www.loc.gov/catdir/description/simon033/87008516.html</a>
856 41 - ELECTRONIC LOCATION AND ACCESS
Materials specified Table of contents only
Uniform Resource Identifier <a href="http://www.loc.gov/catdir/enhancements/fy0630/87008516-t.html">http://www.loc.gov/catdir/enhancements/fy0630/87008516-t.html</a>
Holdings
Withdrawn status Lost status Damaged status Not for loan Home library Current library Shelving location Date acquired Total checkouts Full call number Barcode Date last seen Price effective from Koha item type
        Centerville Centerville General stacks 22/03/2026   158/.1 19 BC0011409 22/03/2026 22/03/2026 Books